| 000 | 00347nam a2200133Ia 4500 | ||
|---|---|---|---|
| 008 | 220204s9999 xx 000 0 und d | ||
| 082 |
_a575 _bANN.10 |
||
| 245 | 0 | _aAnnual review of genetics. V 10 | |
| 260 |
_aCalifornia _bAnnual Reviews _c1976 |
||
| 650 | _aGenetics | ||
| 650 | _aMouse embryo | ||
| 650 | _aTransplantation genetics | ||
| 942 | _cBK | ||
| 999 |
_c24629 _d24629 |
||